000 00673nam a22001217a 4500
040 _cRUA
082 _aLMA SEA 2025 B701 Or.1
100 _aSEAK SOCHEAT, សៀក សុជាតិ
245 _aStudy on supplementtary registration in sangkat khsem khsant, krong oudongmaechey, kompongspeu province,សិក្សាពី អំពីការចុះបញ្ជីដីបំពេញបន្ថែម ស្ថិតនៅសង្កាត់ក្សេមក្សាន្ត ក្រុងឧដុង្គម៉ែជ័យ ខេត្តកំពង់ស្ពឺ
260 _aPHNOM PENH
_bRUA
_c2025
300 _ax,46p.
_bill.
_c29cm.
942 _cLMA
999 _c25761
_d25761